000 00648cam a22002173a 4500
001 32283
003 PGUSA
005 20140828083711.0
008 100507s2010||||xxu|||||s|||||000 | eng d
040 _aPGUSA
_beng
042 _adc
050 4 _aF106
245 1 0 _aNotes on a Tour Through the Western part of The State of New York
_h[electronic resource] /
_cAnonymous
260 _bProject Gutenberg,
_c2010
506 _aPublic domain in the USA.
516 _aElectronic text
653 _aNew York (State) -- Description and travel
830 0 _aProject Gutenberg
_v32283
856 4 0 _uhttp://www.gutenberg.org/ebooks/32283
942 _cEB
999 _c261538
_d261538